000 00739nam a2200289Ia 4500
003 OSt
005 20221006144255.0
006 a|||||r|||| 00| 0
007 ta
008 221006b |||||||| |||| 00| 0 eng d
020 _a9780571141180
_c363.22
024 _a11,310
037 _cTextual
040 _aEASL
_cEASL
_beng
041 _2eng
_aeng
082 _aU8y7K81, M8
100 _aSPENCE Jonathan D
245 0 _aQuestion of hu
260 _aLondon
_bFaber and Faber
_c1988
300 _a187p.
_ccm.
490 _v CEL
650 _a CEL
650 _a The Ocean - Voyage
_9651361
650 _aDeparture
_9651362
942 _hU8y7K81, M8
_cTEXL
_2CC
999 _c1079396
_d1079396